书目信息 |
| 题名: |
奇婚记
|
|
| 作者: | 米克沙特 著 ;朱微明 , 肖中 译 | |
| 分册: | ||
| 出版信息: | 上海 上海译文出版社 1981.2 |
|
| 页数: | 421页 | |
| 开本: | 20cm | |
| 丛书名: | ||
| 单 册: | ||
| 中图分类: | I515.4 | |
| 科图分类: | ||
| 主题词: | 文学 | |
| 电子资源: | ||
| ISBN: | ||
| 000 | 00634nam0 2200229 45 | |
| 001 | 0181020626 | |
| 005 | 20060819165651.98 | |
| 010 | @dCNY1.15 | |
| 091 | @a10188.27 | |
| 100 | @a20810111d km y0chiy0120 ea | |
| 101 | 0 | @achi |
| 105 | @ac z 000ay | |
| 200 | 1 | @a奇婚记@Aqi hun ji@f(匈)卡·米克沙特著@F(Xiong)Ka·Mi Ke Sha Te Zhu@g朱微明,肖中译 |
| 210 | @a上海@c上海译文出版社@d1981.2 | |
| 215 | @a421页@c肖像@d20cm | |
| 606 | 0 | @a文学 |
| 690 | @aI515.4@v1 | |
| 701 | 0 | @a米克沙特@4著 |
| 702 | 0 | @a朱微明@AZhu Wei Ming@4译 |
| 702 | 0 | @a肖中@AXiao Zhong@4译 |
| 801 | @aCN@bTSTC@c20060819 | |
| 905 | @dI515.4@e15@f1@b53172 | |
| 奇婚记/(匈)卡·米克沙特著/朱微明,肖中译.-上海:上海译文出版社,1981.2 |
| 421页:肖像;20cm |
| ISBN :CNY1.15 |
| ● |
| 相关链接 |
|
|
|
|
正题名:奇婚记
索取号:I515.4/15
 
预约/预借
| 序号 | 登录号 | 条形码 | 馆藏地/架位号 | 状态 | 备注 |
| 1 | 0053167 | 001748577 | 密集书库/ [索取号:I515.4/15] | 在馆 | |
| 2 | 0053168 | 001905647 | 密集书库/ [索取号:I515.4/15] | 在馆 | |
| 3 | 0053172 | 001916476 | 密集书库/ [索取号:I515.4/15] | 在馆 | |
| 4 | 0101592 | 000334720 | 第二借阅区/ [索取号:I515.4/15] | 在馆 | |
| 5 | 0101593 | 000334677 | 第二借阅区/ [索取号:I515.4/15] | 在馆 | |
| 6 | 0101594 | 000334659 | 第二借阅区/ [索取号:I515.4/15] | 在馆 | |
| 7 | 0101595 | 000334668 | 第二借阅区/ [索取号:I515.4/15] | 在馆 | |
| 8 | 0101596 | 000334640 | 第一样本阅览室/ [索取号:I515.4/15] | 在馆 | |
| 9 | 0173469 | 000334686 | 第二借阅区/ [索取号:I515.4/15] | 在馆 | |
| 10 | 0173471 | 000334711 | 第二借阅区/ [索取号:I515.4/15] | 在馆 | |
| 11 | 0230669 | 001782100 | 密集书库/ [索取号:I515.4/15] | 在馆 | |
| 12 | 0230670 | 001786473 | 密集书库/ [索取号:I515.4/15] | 在馆 | |
| 13 | 0468223 | 204682236 | 密集书库/ [索取号:I515.4/15] | 在馆 | |
| 14 | 0468224 | 204682245 | 密集书库/ [索取号:I515.4/15] | 在馆 |